01648nam a22002057a 4500001000500000005001700005020001800022040002900040050001100069082001100080100003600091245011800127260003700245300002400282520094600306700003801252942001501290999001501305952012201320266520240109121828.0 a9780553213881 aFISKHbengcFISKHdFISKH aPS1603 a814/.3 aEmerson, Ralph Waldod1803-1882 aRalph Waldo Emersonbselected essays, lectures, and poemscedited and with a foreword by Robert D. Richardson Jr. aNew York :bBantam Classicc2007 a402 pages :c18 cm. aA new, wide-ranging selection of Ralph Waldo Emerson’s most influential writings, this edition captures the essence of American Transcendentalism and illustrates the breadth of one of America’s greatest philosophers and poets. The writings featured here show Emerson as a protester against social conformity, a lover of nature, an activist for the rights of women and slaves, and a poet of great sensitivity. As explored in this volume, Emersonian thought is a unique blend of belief in individual freedom and in humility before the power of nature. “I become a transparent eyeball,” Emerson wrote in Nature, “I am nothing; I see all; the currents of the Universal Being circulate through me; I am part or particle of God.” Written over a century ago, this passage is a striking example of the passion and originality of Emerson’s ideas, which continue to serve as a spiritual center and an ideological base for modern thought. aRichardson, Robert D. Jr.ceditor 2lcccBKn0 c2665d2665 00102lcc40708FICa001b001cTKSFd2024-01-09l0oEME 818.3 PS1603p2024-0005r2024-01-09 12:18:12w2024-01-09yBK